00761nam a2200265Ia 4500008004100000020001500041050001000056050001400066100002600080245003400106245002400140245002900164260001800193260002200211260000900233300001600242300002800258300001000286500003300296650001300329650001300342700001100355999001900366952011000385171120s9999 xx 000 0 und d a1901094138 a641.5 bO296 1997 aOetker, Rudolf August 4aThe encyclopedia of cooking : ba practical guide / cby Rudolf August Oetker. aNetherlands : bREBO Productions, c1997 a480 pages : bcolored illustrations ; c28cm. aIncludes glossary and index. aCookery. aCooking. aTitle. c345034d345034 001040aSSISMbSSISMd2017-11-20l0oREF 641.5 O296 1997pSSISM4078r2017-11-20 00:00:00w2017-11-20yBK